Regla O.F.S
Uloženo v:
| Hlavní autor: | |
|---|---|
| Médium: | Kniha |
| Jazyk: | španělština |
| Vydáno: |
Santiago
OFS
1980
|
| Vydání: | 1a. ed |
| Témata: | |
| Tagy: |
Přidat tag
Žádné tagy, Buďte první, kdo vytvoří štítek k tomuto záznamu!
|
MARC
| LEADER | 00000cam a2200000 a 4500 | ||
|---|---|---|---|
| 001 | UCD0109 | ||
| 003 | CL-VaPUC | ||
| 008 | 151112e19800000cl |||||||||||||||||spa|d | ||
| 082 | 0 | 4 | |a 271.3 |b ORD |2 21 |
| 100 | |a Orden Franciscana Seglar |e autor |9 583117 | ||
| 245 | 1 | 0 | |a Regla O.F.S |
| 246 | 1 | 0 | |a Constituciónes generales O.F.S |
| 246 | 1 | 0 | |a Estatuto nacional de la orden O.F.S Chile |
| 246 | 1 | 0 | |a Ritual de la Orden Franciscana Seglar |
| 250 | |a 1a. ed | ||
| 300 | |a 240 p | ||
| 942 | |c BK | ||
| 945 | |d 20151112 20:22:00 |a gsalatino | ||
| 260 | |a Santiago |b OFS |c 1980 | ||
| 650 | 7 | |a FRANCISCANOS CAPUCHINOS |2 CL-VaPUC |9 535596 | |
| 650 | 0 | |a Órdenes religiosas |9 257499 | |
| 650 | 7 | |a NORMAS |2 CL-VaPUC |9 259606 | |
| 651 | 7 | |a CHILE |2 CL-VaPUC |9 583118 | |
| 583 | |a last modification |c 20151112 20:22:00 |k Rodrigo Vera | ||
| 999 | |c 361731 |d 361729 | ||
| 952 | |0 0 |1 0 |3 erb |4 0 |6 271_300000000000000_ORD_1980 |7 0 |8 A |9 472375 |a BIBTEO |b BIBTEO |i 5270324 |o 271.3 ORD 1980 |p 5270324 |r 2025-01-17 |w 2019-11-24 |y BK |z Catalogado en:20151112 |k ICR | ||